Zvučali piesne a melódie skončili sa sviatky krásy a pôvabu vo Východnej

Bibliographic Details
Format: Article
Language:Slovak
Subjects:

MARC

LEADER 00000nab a2200000 ar4500
001 vtls009082237
003 SK-MaSNL
005 20260303065732.0
008 070724c19760507xo |r|p|||||||000 b|slo
015 |a SNBRB1977 
038 |a SNKBUCL 
040 |a SNKBUCL  |b slo  |c SNKBUCL  |e AACR2 
041 |a slo 
044 |a xo  |c SK 
080 |a 793.31.079  |2 1997 
080 |a 784.4  |2 1997 
245 0 0 |a Zvučali piesne a melódie  |b skončili sa sviatky krásy a pôvabu vo Východnej  |c [autor] (vsl) 
611 2 7 |a Východná  |n (23. :  |d 1976 :  |c Východná, Slovensko)  |2 snkbucl  |9 93747 
651 7 |a Východná (Slovensko)  |2 snkbucl  |9 60319 
773 0 |t Smer  |g (5.7.1976), s. 1 a 2 
852 |a SNK  |b KIS3GCP 
958 |a SK 
999 |c 1752425  |d 1754355